|
|
|
|
| LEADER |
00771pam a22002298a 4500 |
| 001 |
00023927 |
| 005 |
20171026081025.0 |
| 008 |
110702s1999 ||||||engsd |
| 020 |
# |
# |
|a 0194313697
|
| 041 |
0 |
# |
|a eng
|
| 082 |
1 |
4 |
|a 428
|b O435P
|
| 100 |
0 |
# |
|a Eastwood, John
|
| 245 |
1 |
0 |
|a Oxford practice grammar
|b with answers
|c John Eastwood
|
| 260 |
# |
# |
|a Oxf.
|b Oxf. Univ. Pr.
|c 1999
|
| 300 |
# |
# |
|a xiii,432 p.
|b ill.
|c 25 cm.
|
| 650 |
# |
4 |
|a Anh ngữ--Ngữ pháp--Bài tập
|
| 650 |
# |
4 |
|a Anh ngữ--Ngữ pháp--Sách giáo khoa
|
| 852 |
# |
# |
|b Kho mượn
|j KM.0006863
|
| 852 |
# |
# |
|b Kho đọc
|j KD.0008989
|
| 852 |
# |
# |
|j KD.0008989
|j KM.0006863
|
| 910 |
0 |
# |
|a ntuyet
|d 02/07/2011
|
| 980 |
# |
# |
|a Trung tâm Học liệu Lê Vũ Hùng, Trường Đại học Đồng Tháp
|